000 00651nam a22002177a 4500
003 UA-OsUOA
001 35065
007 ta
008 20051107b un ||||| |||| 00| 0 ukr d
090 _a81'374.2
_bР89
942 _cBK
040 _aUA-OsUOA
_brus
_cUA-OsUOA
_dUA-OsUOA
245 _aРусско-французкий словарь
_cСостав. Щерба Л.В.
300 _a842 с.
955 _a2
041 _arus
080 _a81'374.2
260 _aМ.
_bГосударственное издательство иностранных и национальных словарей
_c1950
650 7 _2UDC
999 _c321455
_d321455